Mind the gap! (Record no. 76487)
[ view plain ]
| 000 -LEADER | |
|---|---|
| fixed length control field | 00670cab a2200181 4500 |
| 001 - CONTROL NUMBER | |
| control field | ##L132549 |
| 008 - FIXED-LENGTH DATA ELEMENTS--GENERAL INFORMATION | |
| fixed length control field | 060217n2006 000 0 eng u |
| 035 ## - SYSTEM CONTROL NUMBER | |
| System control number | (Sirsi) u132549 |
| 041 0# - LANGUAGE CODE | |
| Language code of text/sound track or separate title | eng |
| 100 1# - MAIN ENTRY--PERSONAL NAME | |
| Personal name | Ryland, Peter |
| 245 00 - TITLE STATEMENT | |
| Title | Mind the gap! |
| 260 ## - PUBLICATION, DISTRIBUTION, ETC. | |
| Date of publication, distribution, etc. | 2006 |
| 490 #0 - SERIES STATEMENT | |
| Series statement | Letting Update Journal |
| Volume/sequential designation | 13(4) January 2006, 17-20(2) |
| 520 ## - SUMMARY, ETC. | |
| Summary, etc. | Describes cracks and foundation movements and explains some monitoring and remedial techniques that property managers might encounter. Covers strip, raft and pile foundations. Provides further information sources. Diagrams. |
| 590 ## - LOCAL NOTE (RLIN) | |
| Local note | IKA280206 |
| 690 ## - LOCAL SUBJECT ADDED ENTRY--TOPICAL TERM (OCLC, RLIN) | |
| Topical term or geographic name as entry element | BUILT ENVIRONMENT-BUILDING PATHOLOGY |
| 942 ## - ADDED ENTRY ELEMENTS (KOHA) | |
| Suppress in OPAC | 0 |
| Withdrawn status | Lost status | Source of classification or shelving scheme | Damaged status | Not for loan | Home library | Current library | Shelving location | Date acquired | Total Checkouts | Full call number | Barcode | Date last seen | Copy number | Price effective from | Koha item type |
|---|---|---|---|---|---|---|---|---|---|---|---|---|---|---|---|
| Dewey Decimal Classification | London | London | Journal article | 17/02/2006 | L132549 | 132549-1001 | 06/08/2019 | 1 | 06/08/2019 | Journal article |